Business statistics in practice / (Record no. 5039)

MARC details
000 -LEADER
fixed length control field 00708cam a22002054a 4500
020 ## - INTERNATIONAL STANDARD BOOK NUMBER
ISBN 0072320583
050 00 - CALL NUMBER
Classification number HF1017
Item number .B654
100 1# - AUTHOR
Personal name Bowerman, Bruce L.
245 10 - TITLE
Title Business statistics in practice /
Statement of responsibility, etc Bruce L. Bowerman, Richard T. O'Connell, Michael L. Hand.
250 ## - EDITION
Edition statement 2nd ed.
260 ## - PUBLICATION INFORMATION
Place of publication Boston :
Name of publisher McGraw-Hill/Irwin,
Year of publication c2001.
300 ## - DESCRIPTION
Number of Pages xxiii, 856 p. :
Other physical details col. ill. ;
Dimensions 28 cm.
500 ## - NOTES
General note Rev. ed. of: Applied statistics : improving business processes / Bruce L. Bowerman, Richard T. O'Connell. c1997.
650 #0 - SUBJECTS
Topical Term Commercial statistics.
650 #0 - SUBJECTS
Topical Term Statistics.
700 1# - OTHER AUTHORS
Personal name O'Connell, Richard T.
700 1# - OTHER AUTHORS
Personal name Hand, Michael L.
700 1# - OTHER AUTHORS
Personal name Bowerman, Bruce L.
942 ## - ADDED ENTRY ELEMENTS (KOHA)
Koha item type Books
Holdings
Withdrawn status Lost status Home library Current library Date acquired Full call number Accession Number Koha item type
    Methodist University Library Wenchi Faculty Methodist University Library Wenchi Faculty 17/04/2019 HF1017 .B654 14426 Books
    Methodist University Library Wenchi Faculty Methodist University Library Wenchi Faculty 17/04/2019 HF1017 .B654 14423 Books
    Methodist University Library Wenchi Faculty Methodist University Library Wenchi Faculty 17/04/2019 HF1017 .B654 14427 Books
    Methodist University Library Wenchi Faculty Methodist University Library Wenchi Faculty 30/04/2019 HF1017 .B654 14422 Books
Copyright © 2026  MUG Library